01398nam a2200301 a 450000100100000000500170001000800410002702000150006804000250008308200160010824501980012426001180032230000270044049000270046750000730049450000490056750000270061650400310064370000260067470000340070070000320073471001070076674000460087383000340091904900090095395201190096299900150108100000534620200929151641.0090819s1981 sp a 001 0 spa d a8400049985 aDO-SdBNPbspacBNPHU axxxxbD596c00aDiplomatario del Cardenal Gil de Albornoz :bcancillería pontíficia (1354-1356) /cintroducción por Emilio Saéz y María Teresa Ferrer ; estudio diplomático por José Trenchs Odena. aBarcelona, España :bEscuela Nacioal de Historia y Arqueología ;bDepartamento de Estudios Medievales,c1981. alxii, 680 p. ;c28 cm.1 aMonumenta Albornotiana aIncluye referencias bibliográficas y notas al pie de las páginas aIncluye índice onomástico y toponímico aMonumenta Albornotiana aBibliografía : p. 55 -631 aSáez, Emilio9151551 aFerrer, María Teresa9151561 aTrenchs Odena, Josep9151571 aConsejo Superior de Investigaciones Cientícas (España)bDepartamento de Estudios Medievales9151580 aDiplomatario del Cardenal Gil de Albornoz 0aMonumenta Albornotiana915159 aBNPD 001054708MOaGRbGRcHDd2009-08-19iLF1l0oxxxx D596cp5346-10r2020-06-25w2020-06-25y4ZPréstamo en sala c5147d5147